00264nam a22000977a 4500040000900000082001800009100002000027245007600047260003300123300001000156 cNUST a150.1986bSHA aShah, Qasim Ali aاپنی تلاش Apni Talash /cQasim Ali Shah قاسم علی شاہ aLahore : bNai Soch, c2017. a176 p